1877 1508 1668 1951 1408 1727 1933 1619 1163 1575 1045 1172 1534 1485 1217 1628 1428 1264 1566 1470 1620 1248 1698 1135 1017 1042 1616 1810 1479 1535 1019 1791 1299 1543 1269 1840 1209 1442 1956 1769 1288 1036 1025 1054 1141 1200 1753 1608 1045 1918 1165 1203 1847 1282 1222 1776 1863 1415 1658 1392 1059 1960 1584 1865 1720 1943 1541 1259 1792 1189 1593 1525 1778 1343 1411 1234 1328 1283 1762 1541 1931 1365 1630 1859 1166 1435 1014 1215 1902 1226 1294 1783 1654 1535 1214 1897 1560 1616 1887 BCNSPRNW ULIB Ver.6.0+V

เปลี่ยนเป็นภาษาไทย

Change to English
 แสดงรายละเอียดบรรณานุกรม
  กลับหน้าหลัก

Brief Record : Get Marc (ISO 2709) : E-mail record : QR code < ปิดหน้าต่าง
LEADER : 00000nam 2200000uu 4500
001    13399127190
003     ULIB
008    191021s2562||||th 000 0 tha d
020 ^- ^a9786163660626
050 ^- ^aนว.^bข562น
100 0^ aขวัญใจ เอมใจ.
245 10 ^aนางฟ้าที่(แสน)รัก /^cขวัญใจ เอมใจ.
250 ^- ^aพิมพ์ครั้งที่ 1.
260 ^- ^aนนทบุรี :^bดวงตะวัน,^c2562
300 ^- ^a447 หน้า.
945    ^p350^l0^i27882
999    ^aกัณชพร จุลอักษร
รายการนี้ยังไม่มีแท็ก
คุณยังไม่ได้ล็อกอิน คุณสามารถมีกิจกรรมร่วมกับเว็บไซต์ได้ แต่ต้องล็อกอินก่อน ::
  ล็อกอิน

รายการสื่อสารสนเทศ

ลำดับที่ ประเภท เลขเรียก/บาร์โค้ด สถานที่ สถานะ
1. วิทยาศาสตร์การแพทย์ และสุขภาพ
วิทยาศาสตร์การแพทย์ และสุขภาพ
นว. ข562น ฉ.1 
  Barcode: 27882
ห้องสมุดวิทยาเขตนครสวรรค์
►นวนิยาย:l:Fiction
บนชั้น

BibComment


ยังไม่เคยถูกคอมเมนท์

คอมเมนท์ทรัพยากรรายการนี้
  คอมเมนท์: นางฟ้าที่แสนรัก ..


 Copyright 2026. Bcnsprnw @Library